| 000 | 00597nam a2200205 a 4500 | ||
|---|---|---|---|
| 005 | 20240913064625.0 | ||
| 008 | 991125s1979 mx 000 0 spa u | ||
| 020 | _a9684322674 | ||
| 035 | _aUPN01000027496 | ||
| 049 | _aCG | ||
| 050 | 4 |
_aPG3326 B7 _b1979 |
|
| 100 | 1 |
_aDostoyevski, Fëdor Mihajlovic, _d1821-1881 |
|
| 245 | 1 | 4 |
_aLos hermanos Karamazov / _cFedor M. Dostoievski ; pról. de Rosa María Phillips |
| 260 |
_aMéxico : _bPorrúa, _c1979 |
||
| 300 | _a490 p. | ||
| 440 | 0 |
_aColección sepan cuantos; _v106 |
|
| 650 | 4 |
_aNovela rusa _912701 |
|
| 904 |
_aAC _b027497 |
||
| 905 | _aLibro | ||
| 999 |
_c27496 _d27496 |
||